|
|
|
|
| LEADER |
01148cas a2200205 a 4500 |
| 001 |
AALejournalJSTOR001721 |
| 008 |
230228c9999 xx r poo 0 0eng d |
| 022 |
|
|
|a 0334-3839
|
| 040 |
|
|
|a BD-DhAAL
|c BD-DhAAL
|
| 245 |
0 |
0 |
|h [electronic resource]
|a Mitekufat Haeven: Journal of the Israel Prehistoric Society / מתקופת ×"××'ן
|
| 260 |
|
|
|b Israel Prehistoric Society / ×"עמות×" ×"ישר×לית לפר×"יסטורי×"
|
| 300 |
|
|
|a 1 online resource
|
| 362 |
0 |
|
|a Vol. ×'
|
| 500 |
|
|
|a <strong>Off-Campus Access:</strong> Athens ID and Password Required
|
| 500 |
|
|
|a <strong>On-Campus Access:</strong> No User ID or Password Required
|
| 506 |
|
|
|a Electronic access restricted to authorized BRAC University faculty, staff and students
|
| 538 |
|
|
|a Mode of access: Internet
|
| 650 |
|
4 |
|a Archaeology ; Social Sciences
|
| 856 |
4 |
0 |
|z Full text available on JSTOR[1960-01-01 - 2021-01-01]
|u https://www.jstor.org/journal/mitekufathaeven
|
| 856 |
4 |
0 |
|z Off-campus access
|u https://go.openathens.net/redirector/bracu.ac.bd?url=https%3A%2F%2Fwww.jstor.org%2Fjournal%2Fmitekufathaeven
|